<?xml version="1.0" encoding="UTF-8"?>
<record
    xmlns:xsi="http://www.w3.org/2001/XMLSchema-instance"
    xsi:schemaLocation="http://www.loc.gov/MARC21/slim http://www.loc.gov/standards/marcxml/schema/MARC21slim.xsd"
    xmlns="http://www.loc.gov/MARC21/slim">

  <leader>00727nam a22001577a 4500</leader>
  <controlfield tag="008">230405b        |||||||| |||| 00| 0 eng d</controlfield>
  <datafield tag="040" ind1=" " ind2=" ">
    <subfield code="a">National Science Library</subfield>
    <subfield code="c">National Science Library</subfield>
  </datafield>
  <datafield tag="080" ind1=" " ind2=" ">
    <subfield code="a">338:382.6(913)</subfield>
    <subfield code="b">L0</subfield>
  </datafield>
  <datafield tag="245" ind1=" " ind2=" ">
    <subfield code="a">Survey of India's export potential to twenty-six selected countries in the Indian ocean basin and nearby areas  </subfield>
    <subfield code="c">/The Export Promotion Division U. S. Agency for International Development, New Delhi, Survey of India's export prospects in Australia, March 1970 </subfield>
  </datafield>
  <datafield tag="260" ind1=" " ind2=" ">
    <subfield code="a">New Delhi: </subfield>
    <subfield code="b">National Council of Applied Economic Research, </subfield>
    <subfield code="c">1970 </subfield>
  </datafield>
  <datafield tag="300" ind1=" " ind2=" ">
    <subfield code="a">iii, 442p.</subfield>
  </datafield>
  <datafield tag="650" ind1=" " ind2=" ">
    <subfield code="a">Export prospects </subfield>
  </datafield>
  <datafield tag="653" ind1=" " ind2=" ">
    <subfield code="a">Economic indicators </subfield>
  </datafield>
  <datafield tag="653" ind1=" " ind2=" ">
    <subfield code="a">Trade prospects </subfield>
  </datafield>
  <datafield tag="942" ind1=" " ind2=" ">
    <subfield code="2">udc</subfield>
    <subfield code="c">REF</subfield>
  </datafield>
  <datafield tag="999" ind1=" " ind2=" ">
    <subfield code="c">18942</subfield>
    <subfield code="d">18942</subfield>
  </datafield>
  <datafield tag="952" ind1=" " ind2=" ">
    <subfield code="0">0</subfield>
    <subfield code="1">0</subfield>
    <subfield code="2">udc</subfield>
    <subfield code="4">0</subfield>
    <subfield code="6">3383826913_L0</subfield>
    <subfield code="7">0</subfield>
    <subfield code="9">27874</subfield>
    <subfield code="a">NSL</subfield>
    <subfield code="b">NSL</subfield>
    <subfield code="c">GF/Rk-5/C-6/R-6</subfield>
    <subfield code="d">2004-08-09</subfield>
    <subfield code="l">0</subfield>
    <subfield code="o">338:382.6(913) L0</subfield>
    <subfield code="p">194852</subfield>
    <subfield code="r">2023-04-05 00:00:00</subfield>
    <subfield code="w">2004-08-09</subfield>
    <subfield code="y">REF</subfield>
  </datafield>
</record>
